000 00263nam a2200109Ia 4500
008 220204s9999 xx 000 0 und d
082 _a82-3
_bSHA
100 _aShaw, Irwin
245 0 _aRich man, poor man
260 _aBombay
_bIndia Book house
_c1970
942 _cBK
999 _c33228
_d33228